| 000 | 00626nam a2200253Ia 4500 | ||
|---|---|---|---|
| 008 | 160803s9999 xx 000 0 und d | ||
| 020 | _a9780590098366 | ||
| 100 | _aByars, Betsy | ||
| 245 | _aTornado / | ||
| 245 | _cby Betsy Byars ; illustrations by Doron Ben-Ami. | ||
| 260 | _aNew York : | ||
| 260 | _bScholastic Inc. | ||
| 260 | _c1996 | ||
| 300 | _a49 pages : | ||
| 300 | _billustrations ; | ||
| 300 | _c20 cm | ||
| 650 | _aDogs -- | ||
| 650 | _aFarms -- | ||
| 650 | _aTornadoes -- | ||
| 650 | _xJuvenile fiction. | ||
| 650 | _xJuvenile fiction. | ||
| 650 | _xJuvenile fiction. | ||
| 700 | _a500 | ||
| 999 |
_c299606 _d299606 |
||